000 00525cam a2200205ua 4500
001 5467
005 20260515113907.0
008 120923n ii |||gr||||Z||||||eng
040 _cMAIN
082 _a305.8
100 _aGoswami, Tarun,
_eAuthor.
245 1 _aKuki :
_blife and lore /
_cby Tarun Goswami .
250 _a1st. /
_bV. 1.
260 _aHaflong:
_bNorth Cachar Hills District Council,
_c1985.
300 _axviii,580p.,xx.
653 _aSociology
653 _aEthnic group
653 _aKuki
942 _cBK
999 _c4643
_d4643